| 000 | 00724nam a2200193 i 4500 | ||
|---|---|---|---|
| 001 | bg | ||
| 100 | 1 | _aGUMIŃSKI, Andrzej Wojciech | |
| 245 | 0 |
_aAnaliza statyczna powłokowych chłodni kominowych posadowionych na niejednorodnym podłożu sprężystym / _cAndrzej Wojciech Gumiński. |
|
| 260 |
_aKraków : _bPK, _c1983. |
||
| 300 |
_a190 s., 1 k. tabl. : _brys., wykr. ; _c24 cm. |
||
| 490 | 1 |
_aZeszyt Naukowy / Politechnika Krakowska. Budownictwo Lądowe, _vz. 63 |
|
| 500 | _aSer. gł. : 0454-4862 ; nr 2. | ||
| 830 | 0 |
_aZeszyt Naukowy (Politechnika Krakowska). _pBudownictwo Lądowe ; _vz. 63 |
|
| 040 | _cBPK | ||
| 041 | _apol | ||
| 080 | _a624.97:697.8 | ||
| 942 | _cKS | ||
| 008 | s pl f |000 0 pol | ||
| 999 |
_c22114 _d22114 |
||
| 856 |
_uhttp://koha.tu.koszalin.pl/cgi-bin/koha/opac-detail.pl?biblionumber=22114 _yKatalog online BPK |
||